1531 1637 1319 1524 1019 1289 1656 1869 1130 1381 1866 1786 1343 1232 1323 1404 1847 1811 1763 1846 1697 1958 1086 1094 1467 1200 1927 1919 1962 1599 1610 1139 1044 1622 1284 1590 1602 1333 1373 1907 1902 1173 1091 1098 1242 1338 1701 1309 1426 1552 1397 1691 1688 1689 1451 1902 1701 1181 1167 1846 1978 1262 1661 1422 1501 1799 1115 1899 1514 1865 1181 1316 1842 1675 1777 1418 1705 1432 1250 1453 1829 1651 1742 1748 1136 1219 1378 1200 1032 1228 1395 1564 1326 1465 1851 1329 1170 1624 1529 BCNSPRNW ULIB Ver.6.0+V

เปลี่ยนเป็นภาษาไทย

Change to English
 แสดงรายละเอียดบรรณานุกรม
  กลับหน้าหลัก

Brief Record : Get Marc (ISO 2709) : E-mail record : QR code < ปิดหน้าต่าง
LEADER : 00000nam 2200000uu 4500
001    13399110602
003     ULIB
008    110603s2551||||th 000 0 tha d
020    9789740585992
060 04 WQ300^bศ291ก
100 0  ศศิธร พุมดวง
245 10 การลดปวดในระยะคลอดโดยไม่ใช้ยา /^cศศิธร พุมดวง
250    พิมพ์ครั้งที่ 5
260    สงขลา :^bคณะพยาบาลศาสตร์ มหาวิทยาลัยสงขลานครินทร์,^c2552
300    114 หน้า :^bภาพประกอบ ;^c26 ซม.
650  7 การคลอด
650  7 การพยาบาลสูติศาสตร์
650  7 ดนตรีบำบัด
650  7 ความเจ็บปวด^xในระยะตั้งครรภ์^xการรักษา
945    ^p150^l0^i028835
945    ^p150^l0^i028834
945    ^p150^l0^i028833
945    ^p150^l0^i027038
945    ^p150^l0^i026086
945    ^p150^l0^i026085
945    ^p150^l0^i025002
945    ^p150^l0^i027037
945    ^p0^l0^i001497
995    ทศพร
999 ^a ใช้งานได้ทุกระบบ
รายการนี้ยังไม่มีแท็ก
คุณยังไม่ได้ล็อกอิน คุณสามารถมีกิจกรรมร่วมกับเว็บไซต์ได้ แต่ต้องล็อกอินก่อน ::
  ล็อกอิน

รายการสื่อสารสนเทศ

ลำดับที่ ประเภท เลขเรียก/บาร์โค้ด สถานที่ สถานะ
1. วิทยาศาสตร์การแพทย์ และสุขภาพ
วิทยาศาสตร์การแพทย์ และสุขภาพ
WQ300 ศ291ก ฉ.4 
  Barcode: 027037
ห้องสมุดวิทยาเขตสวรรค์ประชารักษ์
►ส่วนจัดเก็บหนังสือเก่า สปร
บนชั้น
  ขอยืม
2. วิทยาศาสตร์การแพทย์ และสุขภาพ
วิทยาศาสตร์การแพทย์ และสุขภาพ
WQ300 ศ291ก ฉ.5 
  Barcode: 027038
ห้องสมุดวิทยาเขตสวรรค์ประชารักษ์
►ส่วนจัดเก็บหนังสือเก่า สปร
บนชั้น
  ขอยืม
3. วิทยาศาสตร์การแพทย์ และสุขภาพ
วิทยาศาสตร์การแพทย์ และสุขภาพ
WQ300 ศ291ก ฉ.6 
  Barcode: 028833
ห้องสมุดวิทยาเขตสวรรค์ประชารักษ์
►ส่วนจัดเก็บหนังสือเก่า สปร
บนชั้น
  ขอยืม
4. วิทยาศาสตร์การแพทย์ และสุขภาพ
วิทยาศาสตร์การแพทย์ และสุขภาพ
WQ300 ศ291ก ฉ.7 
  Barcode: 028834
ห้องสมุดวิทยาเขตสวรรค์ประชารักษ์
►ส่วนจัดเก็บหนังสือเก่า สปร
บนชั้น
  ขอยืม
5. วิทยาศาสตร์การแพทย์ และสุขภาพ
วิทยาศาสตร์การแพทย์ และสุขภาพ
สถานะ=หนังสือเก่า
WQ300 ศ291ก ฉ.8 
  Barcode: 028835
ห้องสมุดวิทยาเขตสวรรค์ประชารักษ์
►ส่วนจัดเก็บหนังสือเก่า สปร
บนชั้น
  ขอยืม
6. Book การพยาบาล
Book การพยาบาล
WQ300 ศ291ก ฉ.9 
  Barcode: 001497
ห้องสมุดวิทยาเขตสวรรค์ประชารักษ์
►หนังสือทั่วไป
บนชั้น

รายการใกล้เคียง
    ผู้แต่ง [ศศิธร พุมดวง]

    หัวเรื่อง [การคลอด]
    หัวเรื่อง [การพยาบาลสูติศาสตร์]
    หัวเรื่อง [ดนตรีบำบัด]

BibComment


ยังไม่เคยถูกคอมเมนท์

คอมเมนท์ทรัพยากรรายการนี้
  คอมเมนท์: การลดปวดในระยะคลอ..


 Copyright 2026. Bcnsprnw @Library